[Event "Obra Lato op"]
[Site "Obra"]
[Date "2007.08.29"]
[Round "1.5"]
[White "Remez, Serhiy"]
[Black "Wisla, Jakub"]
[Result "1-0"]
[WhiteElo "2019"]
[BlackElo "1859"]
[PlyCount "54"]
[EventDate "2007.08.29"]
[EventType "swiss"]
[EventRounds "9"]
[EventCountry "POL"]
[SourceTitle "EXT 2023"]
[Source "ChessBase"]
[SourceDate "2022.10.05"]
[SourceVersion "1"]
[SourceVersionDate "2022.10.05"]
[SourceQuality "1"]

1. d4 Nf6 2. c4 e5 3. dxe5 Ng4 4. Bf4 Nc6 5. Nf3 Bb4+ 6. Nbd2 Qe7 7. e3 Ngxe5 8. Nxe5 Nxe5 9. Be2 b6 10. 0-0 Bb7 11. a3 Bd6 12. Qc2 0-0 13. Rfd1 f5 14. Rac1 Rae8 15. b4 g5 16. Bxe5 Qxe5 17. Nf1 f4 18. c5 fxe3 19. f3 g4 20. Qc4+ Re6 21. Qxg4+ Rg6 22. Qc4+ Kh8 23. cxd6 Rxf3 24. Bxf3 Bxf3 25. Ng3 e2 26. Re1 Rxg3 27. hxg3 Qxg3 1-0

[Event "Tarnowskie Gory Piasta Memorial 5th"]
[Site "Tarnowskie Gory"]
[Date "2007.08.02"]
[Round "6"]
[White "Marek, Eugeniusz"]
[Black "Wisla, Jakub"]
[Result "1/2-1/2"]
[WhiteElo "1932"]
[BlackElo "1859"]
[PlyCount "89"]
[EventDate "2007.07.28"]
[EventType "swiss"]
[EventRounds "10"]
[EventCountry "POL"]
[SourceTitle "EXT 2011"]
[Source "ChessBase"]
[SourceDate "2010.11.26"]
[SourceVersion "1"]
[SourceVersionDate "2010.11.26"]
[SourceQuality "1"]

1. d4 Nf6 2. c4 e5 3. dxe5 Ng4 4. Bf4 Nc6 5. Nf3 Bb4+ 6. Nc3 Bxc3+ 7. bxc3 Qe7 8. Qd5 f6 9. exf6 Nxf6 10. Qd2 d6 11. e3 Ne4 12. Qc2 0-0 13. Bd3 Bf5 14. Nd4 Bg6 15. 0-0 Rf6 16. Nxc6 bxc6 17. Rab1 Nc5 18. Bxg6 Rxg6 19. Rb2 Qe6 20. Rfb1 Rf6 21. Bg5 Rff8 22. Bf4 a5 23. Qd2 Qxc4 24. Qd4 Qf7 25. Bg3 Rae8 26. f3 Qg6 27. e4 h5 28. e5 Nd3 29. Rb7 Nxe5 30. Bxe5 Rxe5 31. Rf1 Rg5 32. Qd2 Rf7 33. f4 Rgf5 34. g3 Rd5 35. Qe2 Qf6 36. Qe8+ Rf8 37. Qxc6 Rc5 38. Qd7 Qxc3 39. Qe6+ Kh7 40. Qe4+ Rff5 41. Kg2 g6 42. Rf2 Rcd5 43. Qe7+ Qg7 44. Qe1 Qf7 45. Ra7 1/2-1/2

[Event "Tarnowskie Gory Piasta Memorial 5th"]
[Site "Tarnowskie Gory"]
[Date "2007.07.30"]
[Round "5"]
[White "Wisla, Jakub"]
[Black "Malecki, Rafal"]
[Result "0-1"]
[WhiteElo "1859"]
[BlackElo "2158"]
[PlyCount "62"]
[EventDate "2007.07.28"]
[EventType "swiss"]
[EventRounds "10"]
[EventCountry "POL"]
[SourceTitle "EXT 2011"]
[Source "ChessBase"]
[SourceDate "2010.11.26"]
[SourceVersion "1"]
[SourceVersionDate "2010.11.26"]
[SourceQuality "1"]

1. e4 d6 2. Bc4 Nf6 3. d3 g6 4. f4 c6 5. Bb3 Bg7 6. Nf3 0-0 7. 0-0 Na6 8. c3 d5 9. e5 Ne8 10. Be3 f6 11. Qe2 fxe5 12. fxe5 Bg4 13. d4 Nec7 14. Nbd2 Ne6 15. h3 Bxf3 16. Rxf3 Qd7 17. Raf1 Nac7 18. Rxf8+ Rxf8 19. Rxf8+ Nxf8 20. Nf3 Nfe6 21. Qd2 Qe8 22. Bc2 Qf7 23. Bb1 Bf8 24. Nh2 Ng7 25. Ng4 Nf5 26. Bxf5 Qxf5 27. a3 h5 28. Nf2 Ne6 29. Nd3 Kh7 30. Nf4 Ng5 31. Nxg6 Qxg6 0-1

[Event "Raciborz op"]
[Site "Raciborz"]
[Date "2007.02.18"]
[Round "4"]
[White "Zawierucha, Aleksander"]
[Black "Wisla, Jakub"]
[Result "1-0"]
[WhiteElo "2078"]
[BlackElo "1884"]
[PlyCount "85"]
[EventDate "2007.02.17"]
[EventType "swiss"]
[EventRounds "9"]
[EventCountry "POL"]
[SourceTitle "EXT 2011"]
[Source "ChessBase"]
[SourceDate "2010.11.26"]
[SourceVersion "1"]
[SourceVersionDate "2010.11.26"]
[SourceQuality "1"]

1. d4 Nf6 2. c4 e5 3. dxe5 Ng4 4. Bf4 Nc6 5. Nf3 Bb4+ 6. Nbd2 Qe7 7. e3 Ngxe5 8. Nxe5 Nxe5 9. Be2 0-0 10. 0-0 d6 11. Nb3 b6 12. Nd4 Bb7 13. Nc2 a5 14. a3 Bc5 15. b4 axb4 16. axb4 Rxa1 17. Qxa1 Be4 18. bxc5 Bxc2 19. cxb6 cxb6 20. Qb2 Bd3 21. Bxe5 Bxe2 22. Bxg7 Bxf1 23. Bxf8 Qxf8 24. Kxf1 Qh6 25. h3 Qe6 26. Qd4 Kf8 27. Kg1 Ke7 28. Qxb6 Qxc4 29. Qb1 Qh4 30. Qf5 Qh6 31. g3 Qg7 32. Kg2 Qh6 33. h4 Qg7 34. Qg5+ Qxg5 35. hxg5 Ke6 36. g4 Ke5 37. f3 Ke6 38. f4 Kd5 39. Kf3 Ke6 40. Ke4 d5+ 41. Kd4 Kd6 42. f5 Kc6 43. Ke5 1-0